Pays avec le mot "ET" - Statistiques

Statistiques générales
  • Ce quiz a été pris 266 fois
  • Le résultat moyen est 7 sur 10
Statistiques - réponses
Part Hint Réponse % Correct
Tobago et Trinité
80%
Trinité et Tobago
78%
Barbuda et Antigua
75%
Les Grenadines et Saint Vincent
72%
Nieves et Saint Christophe
71%
Antigua et Barbuda
66%
Saint Vincent et les Grenadines
65%
Principe et São Tomé
64%
Saint Christophe et Nieves
61%
São Tome et Principe
60%
Aucun quiz correspondant
Distribution des résultats
% des personnes avec chaque résultat
Percentile par nombre de réponses
Votre historique - résultats
Vous n’avez pas pris ce quiz